<?xml version="1.0" encoding="UTF-8"?>
<collection xmlns="http://www.loc.gov/MARC21/slim">
<record>
  <controlfield tag="001">1962</controlfield>
  <controlfield tag="005">20160701171656.0</controlfield>
  <datafield tag="024" ind1="7" ind2=" ">
    <subfield code="a">10.1051/0004-6361:20035809</subfield>
    <subfield code="2">DOI</subfield>
  </datafield>
  <datafield tag="037" ind1=" " ind2=" ">
    <subfield code="a">ASTROimport-119</subfield>
  </datafield>
  <datafield tag="100" ind1=" " ind2=" ">
    <subfield code="a">Jacoby, G. H.</subfield>
  </datafield>
  <datafield tag="260" ind1=" " ind2=" ">
    <subfield code="c">2004</subfield>
  </datafield>
  <datafield tag="245" ind1=" " ind2=" ">
    <subfield code="a">Planetary nebulae near the Galactic center: Identifications</subfield>
  </datafield>
  <datafield tag="520" ind1=" " ind2=" ">
    <subfield code="a">We surveyed the central 4 × 4 degrees of the Galactic center for planetary nebulae in the light of [S III] λ9532 and found 94 PNe that were not previously known, plus 3 that were previously identified as possible candidates. For 63 of these 97 objects, we obtained spectra that are consistent with highly reddened PN while the other 34 could not be recovered spectroscopically and remain unverified. Of the 94 candidates, 54 and 57 were detected via radio at 3 and 6 cm, respectively. An additional 20 PNe candidates were found during follow-up Ha imaging but have not yet been verified spectroscopically. Based on the properties of IRAS sources in this region of the Galaxy, and on the total luminosity of the Galactic bulge, the expected number of PNe is ˜250, only 50% more than the 160 PNe candidates now known. Thus, surveys for PNe in the bulge are approximately two-thirds complete with the remainder likely hidden behind dust. Observations made with the Burrell Schmidt of the Warner and Swasey Observatory, Case Western Reserve University. </subfield>
  </datafield>
  <datafield tag="700" ind1=" " ind2=" ">
    <subfield code="a"> Van de Steene, G.</subfield>
  </datafield>
  <datafield tag="773" ind1=" " ind2=" ">
    <subfield code="p">Astronomy and Astrophysics</subfield>
    <subfield code="v">419</subfield>
    <subfield code="y">2004</subfield>
    <subfield code="c">563-582</subfield>
  </datafield>
  <datafield tag="856" ind1="4" ind2="2">
    <subfield code="a">http://esoads.eso.org/abs/2004A%26A...419..563J</subfield>
  </datafield>
  <datafield tag="905" ind1=" " ind2=" ">
    <subfield code="a">published in</subfield>
  </datafield>
  <datafield tag="980" ind1=" " ind2=" ">
    <subfield code="a">REFERD</subfield>
  </datafield>
</record>
</collection>